000 00743 a2200217 4500
001 46653
005 20260407155737.0
008 260407a1979 arg spa d
003 AR-UNSa-BCEJYS
040 _aAR-UNSa-BCEJYS
_bspa
_cAR-UNSa-BCEJYS
080 _a658.115
_xEmpresas públicas, estatales y nacionalizadas (Economía)
245 1 0 _aAdministración de Empresas Públicas
_pIndicador Bibliográfico
264 1 _aMéxico :
_bLimusa
_c1979
300 _a106 p.
_c23 cm.
505 _aVOL. III : Bibliografía.
942 _cBK
590 _aniveau_biblio:m niveau_hierar:0
100 1 _aEscuela Interamericana de Administración Pública
700 1 _aBanco Interamericano de Desarrollo (BID)
700 1 _aFundación Getulio Vargas
999 _c4222
_d4222